000 00565nam a2200193Ia 4500
003 IN-BaIIA
008 211028s9999 xx 000 0 eng d
040 _cIIA Library
080 _a083.7:621.882.4
_bISI
110 _aIndian Standards Institution
245 0 _aIndian standard specification for plain washers
_cIndian Standards Institution
260 _aNew Delhi
_bIndian Standards Institution
_c1972
300 _a11p.
500 _aIS 2016 : 1967
650 _a Plain Washers
_99283
650 _a Standards 
650 _aNASA Thesaurus 
942 _cBK
999 _c5299
_d5299